000 00861nam a22002537a 4500
999 _c33464
_d33464
001 2694
003 CO-MdFUSB
005 20171120085138.0
008 171120t1984 sp ||||| |||| 00| 0 spa d
020 _a84-398-1606-5
040 _aCO-MdFUSB
_bspa
_cCO-MdFUSB
_dCO-MdFUSBC
_erda
041 0 _aspa
082 0 4 _aG 226.1 P382m
100 1 _aPeláez del Rosal, Jesús
_eautor
245 1 0 _aEstudios del Nuevo Testamento
_b: Los milagros de Jesús en los evangelios sinópticos : Morfología e interpretación
_c/ Jesús Peláez del Rosal
264 4 _aValencia, España :
_bSan Jerónimo,
_c©1984
300 _a175 Pag
336 _2rdacontent
_atexto
_btxt
337 _2rdamedia
_asin mediación
_bn
338 _2rdacarrier
_avolumen
_bnc
650 7 _aMilagros
_91077
653 _aInterpretación de la Biblia N.T. - Evangelios sinópticos
942 _cBK